Berenstain Bears (The): and too much pressure / (Record no. 111114)
[ view plain ]
| 000 -LEADER | |
|---|---|
| fixed length control field | 00768nam a2200205 a 4500 |
| 001 - CONTROL NUMBER | |
| control field | 3304 |
| 005 - DATE AND TIME OF LATEST TRANSACTION | |
| control field | 20140414131909.0 |
| 008 - FIXED-LENGTH DATA ELEMENTS--GENERAL INFORMATION | |
| fixed length control field | 040601s19uu xx 00 eng d |
| 020 ## - INTERNATIONAL STANDARD BOOK NUMBER | |
| International Standard Book Number | 0-679-83671-3 |
| 050 ## - LIBRARY OF CONGRESS CALL NUMBER | |
| Classification number | ER |
| Item number | B35 1992 |
| 100 ## - MAIN ENTRY--PERSONAL NAME | |
| Personal name | Berenstain, Stan |
| 245 ## - TITLE STATEMENT | |
| Title | Berenstain Bears (The): and too much pressure / |
| Statement of responsibility, etc | Stan and Jan Berenstain. |
| 260 ## - PUBLICATION, DISTRIBUTION, ETC. (IMPRINT) | |
| Place of publication, distribution, etc | New York: |
| Name of publisher, distributor, etc | Random House, |
| Date of publication, distribution, etc | 1992. |
| 300 ## - PHYSICAL DESCRIPTION | |
| Extent | 1 v. (unp.) : ill. ; cm. |
| 440 ## - SERIES STATEMENT/ADDED ENTRY--TITLE | |
| Title | A First Time Book |
| 520 ## - SUMMARY, ETC. | |
| Summary, etc | Members of the Bear family commit themselves to so many time-consuming activities that the resulting stress brings on a crisis and make them admit that there are only so many hours in a day. |
| 650 ## - SUBJECT ADDED ENTRY--TOPICAL TERM | |
| Topical term or geographic name as entry element | Time--Fiction. |
| 650 ## - SUBJECT ADDED ENTRY--TOPICAL TERM | |
| Topical term or geographic name as entry element | Stress (Psychology)--Fiction. |
| Withdrawn status | Lost status | Damaged status | Use restrictions | Home library | Current library | Shelving location | Date acquired | Source of acquisition | Total Checkouts | Full call number | Barcode | Date last seen | Price effective from | Koha item type |
|---|---|---|---|---|---|---|---|---|---|---|---|---|---|---|
| Munich Library | Munich Library | Easy Reading Section | 06/01/2004 | ER B35 1992 | M1686 | 04/14/2014 | 04/14/2014 | Books |